Η ωραιότερη ιστορία των φυτών : οι ρίζες της ζωής μας

Saved in:
Bibliographic Details
Other Authors: Pelt, Jean-Marie, 1933-2015, Κορομηλά, Έφη (trlf), Βελιτζέλος, Ευάγγελος, 1941- (Author of introduction, etc.)
Format: Book
Language:Greek
French
Published: Αθήνα : Κριτική, 2000.
Series:Κύματα ; 2
Subjects:
Tags: Add Tag
No Tags, Be the first to tag this record!

MARC

LEADER 00000cam a2200000 i 4500
001 1/37693
008 030626s2000 gr | ||| |||| ||gre||
020 |a 9602181982 
035 |l 10070303 
040 |a GR-MyUA  |b gre  |e AACR2 
041 1 |a gre  |h fre 
082 0 |a 580  |2 (21) 
245 1 2 |a Η ωραιότερη ιστορία των φυτών :   |b οι ρίζες της ζωής μας /   |c Jean-Marie Pelt ...[et al.] ; μετάφραση Έφη Κορομηλά ; προλογικό σημείωμα Ευάγγελος Δ. Βελιτζέλος.  
260 |a Αθήνα :   |b Κριτική,   |c 2000.  
300 |a 183 σ. ;   |c 21 εκ.  
490 1 |a (Κύματα   |v ; 2)  
500 |a Τίτλος πρωτοτύπου: La plus belle histoire des plantes.  
650 0 0 |a Plants. 
700 1 |a Pelt, Jean-Marie,   |d 1933-2015. 
700 1 |a Κορομηλά, Έφη,  |e trlf 
700 1 |a Βελιτζέλος, Ευάγγελος,   |d 1941-  |e aui 
830 0 |a Κύματα ;  |v  2 
852 |a INST  |b LESVOS  |e 20030626  |h 580 ΩΡΑ  |p 005100026902  |q 005100026902  |t BK  |y 0 
901 |a BIBL1-2003-2 
909 |a Λ  |b 105417 
922 |a 1ΕΛΗ  |b 200305  |c ΤΑΚ/ΚΥΒ  |d ΠΑΠΑΣΩΤΗΡΙΟΥ & ΕΛΕΥΘΕΡΟΥΔΑΚΗΣ 
950 |a 023-2002-03-27 
970 |a ΧΡΙΣΤΟΦΑ  |b ΝΙΚΗ  |z 2003/07/30